000
00215nam a22000857a 4500
008
170612b xxu||||| |||| 00| 0 eng d
100
_9
3348
_a
Singal. A
245
_a
Mathematics Lab -10
260
_a
New Delhi
_b
H. F. I
_c
2009
999
_c
6684
_d
6684